00624nam a22002057a 450000500170000001000130001702000220003003500130005203700160006504000120008108200190009310000230011224500610013526000410019627000620023730000330029950000510033265000150038365000200039820170124105939.0 aA-936360 c00.00a0195643062 aA-936360 bCen Lib/Ret aDPLbEN a339bDAS21981 aDasgupta, Dipankar aThe Macroeconomy :cby Dipankar Dasgupta ba text view / aDelhibOxford University Pressc1997 aYACM Library Building, Jai Singh Road bNew Delhie110002 axiii,219p. :c22cm(Hb)bill. aIncludes bibliographical references and index. aEconomics  aMacro Economis